000 00624nam a2200241Ia 4500
001 1521
003 GE_BSU
008 181216s||||||||xx |||||||||||||| ||und||
020 _a9211260426
040 _cGE_BSU
080 _a574
245 _aMarine Biologikal Diversity in the Black Sea.
245 2 _bA Study of change and Decline
245 _cBy yu.Zaisten and Mamaev
260 _aNew York
260 _bUnited Nations Publications
260 _c1997
300 _a208стр.
541 _h10GEL
653 _aMarine Biologikal Diversity in the Black Sea.
653 _aბიოლოგია
942 _cBK
999 _c35649
_d35649